000 01003cam7a220028900 4500
001 lce00562945
005 20190822094232.0
008 721213s1962 caua b 000 0 eng
010 _a 62021345 /L/r922
035 _a(Sirsi) r93124
035 _a(DLC) 62021345 /L/r922
035 _a(UPRA)lce00562945
040 _aDLC
_cDLC
_dDLC
_dUPRA
050 0 0 _aQD95
_b.N383
082 0 0 _a547.346
100 1 _aNakanishi, Koji, 1925-
_dNakanishi, Koji, 1925-
_6A51927.1
240 1 0 _aSekigaisen kyushu supekutoru. English
_lSekigaisen kyushu supekutoru. English
245 1 0 _aInfrared absorption spectroscopy, practical.
260 _aSan Francisco :
_bHolden-Day,
_c1962.
500 _aSecond ed. published in 1977 under title: Infrared absorption spectroscopy.
504 _aIncludes bibliographical references.
650 0 _aInfrared spectra.
_6S35563.1
650 0 _aChemistry, Organic.
_6S95.2
949 _aQD95
_wlcc
_mMAIN
_p2500
_tBOOK
_lON-SHELF
004 93124
987 _aWITHDRAWN.
999 _c127967
_d127967